000 00318nam a22001457a 4500
008 210308b ||||| |||| 00| 0 eng d
020 _a9780520219809
041 _aeng
080 _a573
082 _2573
100 _a11
101 _aBIO
245 _aA natural History Of the Sonoran Desert
942 _2udc
_cBK
999 _c55930
_d55930